01107 2200385 4500001002100000005001500021035002500036008004100061020002200102040001200124082001500136084001700151100002300168245011700191260004200308300003500350650001100385650001800396700003000414700002900444850001300473090001900486990001800505990001800523990001800541990001800559990001800577990001800595990001800613990001800631990001800649990001800667990001800685990001800703INLIS00000000000521920240726110225 a0010-051500000000352150511s2013 jkia 000 1 d a978-602-249-239-9 aYOPDDIY04223a741.59 a741.59 DIA k0 aDian K.ePengarang01aKomik cerita rakyat indonesia 1 :bSumatra, Bali, Nusa Tenggara /cDian K., Tethy Ezokanzo; Editor, Putri Sastra31aJakarta :bBhuana Ilmu Populer,c2013 a218 halaman :bgambar ;c24 cm 4aFoklor 4aKomik, Bacaan0 aTethy EzokanzoePengarang0 aPutri SastraePenyunting aBPAD DIY aK 741.59 DIA k a18399-PD/B.15 a18400-PD/B.15 a18401-PD/B.15 a24894-PD/B.15 a24894-PD/B.15 a18399-PD/B.15 a18400-PD/B.15 a18401-PD/B.15 a24894-PD/B.15 a18399-PD/B.15 a18400-PD/B.15 a18401-PD/B.15